[Event "CHN-chB (Women)"]
[Site "Hangzhou"]
[Date "2019.07.03"]
[Round "4"]
[White "Zhang, Rongyu"]
[Black "Gao, Hanxue"]
[Result "0-1"]
[WhiteElo "1328"]
[BlackElo "1726"]
[PlyCount "120"]
[EventDate "2019.07.02"]
[EventType "swiss"]
[EventRounds "11"]
[EventCountry "CHN"]
[SourceTitle "CBM 191 Extra"]
[Source "ChessBase"]
[SourceDate "2019.09.30"]
[SourceVersion "1"]
[SourceVersionDate "2019.09.30"]
[SourceQuality "1"]

1. e4 c6 2. d4 d5 3. e5 Bf5 4. Nd2 e6 5. Nb3 Nd7 6. Nf3 Qc7 7. Be2 a6 8. 0-0 c5 9. Nxc5 Nxc5 10. dxc5 Bxc5 11. c3 Ne7 12. Qa4+ Nc6 13. Nd4 Qxe5 14. Bb5 0-0 15. Bxc6 bxc6 16. Nxf5 Qxf5 17. Qxc6 Rfc8 18. Qa4 Bd6 19. Be3 Rc4 20. Qd1 Rh4 21. h3 Qe5 22. g3 Rxh3 23. Qg4 Qh5 24. Qxh5 Rxh5 25. Rad1 f5 26. Kg2 g5 27. f4 gxf4 28. gxf4 Rh6 29. c4 Re8 30. cxd5 exd5 31. Rxd5 Rxe3 32. Rxf5 Rg6+ 33. Kf2 Rh3 34. Rg1 Rh2+ 35. Kf1 Rxg1+ 36. Kxg1 Rxb2 37. Ra5 Bxf4 38. Rxa6 h5 39. Ra5 h4 40. Rh5 Bg3 41. a4 Ra2 42. a5 Kg7 43. a6 Rxa6 44. Kg2 Ra2+ 45. Kh3 Kg6 46. Rh8 Kf5 47. Rf8+ Ke4 48. Kg4 Ke3 49. Rf3+ Ke2 50. Rf8 Ke1 51. Kh3 Rh2+ 52. Kg4 Rf2 53. Ra8 Kf1 54. Kh3 Rh2+ 55. Kg4 Kg2 56. Ra2+ Bf2 57. Ra8 Rh3 58. Ra2 Rg3+ 59. Kxh4 Ra3+ 60. Rxf2+ Kxf2 0-1

[Event "CHN-chB (Women)"]
[Site "Hangzhou"]
[Date "2019.07.02"]
[Round "2"]
[White "Cai, Boheng"]
[Black "Zhang, Rongyu"]
[Result "1-0"]
[WhiteElo "1791"]
[BlackElo "1328"]
[PlyCount "99"]
[EventDate "2019.07.02"]
[EventType "swiss"]
[EventRounds "11"]
[EventCountry "CHN"]
[SourceTitle "CBM 191 Extra"]
[Source "ChessBase"]
[SourceDate "2019.09.30"]
[SourceVersion "1"]
[SourceVersionDate "2019.09.30"]
[SourceQuality "1"]

1. d4 Nf6 2. c4 g6 3. Nc3 d5 4. cxd5 Nxd5 5. Bd2 Bg7 6. e4 Nb6 7. Be3 0-0 8. Nf3 c5 9. Be2 cxd4 10. Nxd4 Nc6 11. Nxc6 Qxd1+ 12. Rxd1 bxc6 13. Rc1 Rd8 14. 0-0 Bb7 15. f4 Bd4 16. Kf2 c5 17. Bd3 Bxe3+ 18. Kxe3 Rxd3+ 19. Kxd3 Ba6+ 20. Kc2 Bxf1 21. Rxf1 Rd8 22. b3 c4 23. b4 f6 24. Rd1 Ra8 25. Rb1 Nc8 26. a4 Nd6 27. b5 Kf7 28. Rd1 Rb8 29. e5 fxe5 30. fxe5 Nf5 31. Rd7 Ke6 32. Rxa7 Kxe5 33. Rc7 Kd4 34. a5 Ne3+ 35. Kb2 Nd5 36. Rd7 e6 37. b6 Kc5 38. Nxd5 exd5 39. Kc3 Re8 40. b7 Kc6 41. a6 Kb6 42. Rd6+ Ka7 43. Rc6 Re3+ 44. Kd2 Rb3 45. Rc8 Rb2+ 46. Kc1 Rxb7 47. axb7 Kxb7 48. Rc5 d4 49. Rxc4 d3 50. Kd2 1-0